Thanh khoản cổ phiếu và cấu trúc vốn doanh nghiệp : Nghiên cứu thực nghiệm trên thị trường chứng khoán Việt Nam /

Guardat en:
Dades bibliogràfiques
Autor principal: Võ Xuân Vinh.
Altres autors: Trần Thị Yến Duyên.
Format: Article
Idioma:Vietnamese
Matèries:
Etiquetes: Afegir etiqueta
Sense etiquetes, Sigues el primer a etiquetar aquest registre!
Thư viện lưu trữ: Thư viện Trường Đại học Đà Lạt
LEADER 00907nam a2200265 4500
001 DLU170181428
005 ##20171024
040 # # |a DLU  |b vie 
041 # # |a vie 
044 # # |a vn 
100 # # |a Võ Xuân Vinh. 
245 # # |a Thanh khoản cổ phiếu và cấu trúc vốn doanh nghiệp :  |b Nghiên cứu thực nghiệm trên thị trường chứng khoán Việt Nam /  |c Võ Xuân Vinh, Trần Thị Yến Duyên. 
653 # # |a Cấu trúc vốn 
653 # # |a Tính thanh khoản 
653 # # |a Thanh khoản cổ phiếu 
700 # # |a Trần Thị Yến Duyên. 
773 # # |t Nghiên cứu kinh tế  |g Số 4(443), 2015, tr. 33-42 
920 # # |a Phòng Tạp chí -- Trung tâm Thông tin - Thư viện Trường Đại học Đà Lạt 
900 # # |a True 
911 # # |a Nguyễn Thị Thu Phương 
925 # # |a G 
926 # # |a A 
927 # # |a BB 
980 # # |a Thư viện Trường Đại học Đà Lạt